00545nam a2200169Ia 4500008004100000020001800041041000800059082001700067100003400084245004900118250000600167260002700173300001100200650001400211999001900225952013100244210716s2013 xx 000 0 und d a9788126543014 aeng a658.872 BECM aBecker, Michael;Arnold, John. aMobile marketing: for dummies.bFor dummies. a1 aNew DelhibWILEYc2013 axviii, aMarketing c197165d197165 001040708MCAaAIMITbAIMITeKnowledge Worldg399.00l0o658.872 BECMpMCA16680r2025-07-21 00:00:00v299.25w2021-07-16yBK